| 000 | 01091cam a22002537i 4500 | ||
|---|---|---|---|
| 003 | SA-RiAUC | ||
| 005 | 20250523153125.0 | ||
| 008 | 250520s2006____su g 000 0 ara c | ||
| 040 |
_aSA-MaUQU _bara _cSA-RiAUC _erda |
||
| 082 | 0 | 4 | _a232 |
| 090 |
_a232 _b ب ص ر |
||
| 100 | 1 |
_aالبصري، عبد الله بن سالم بن محمد، _d1048-1134 هجري _eمؤلف. |
|
| 245 | 1 | 2 |
_aالإمداد في معرفة علو الإسناد / _cجمال الدين عبد الله بن سالم البصري الشافعي ؛ حققه وعلق عليه العربي الدائز الفرياطي. |
| 264 | 1 |
_aالرياض : _bدار التوحيد، _c2006 |
|
| 300 |
_a106 صفحة؛ _c24 سم. |
||
| 336 |
_aنص _btxt _2rdacontent _3كتاب |
||
| 337 |
_aبدون وسيط _bn _2rdamedia |
||
| 338 |
_aمجلد _bnc _2rdacarrier |
||
| 650 | 7 |
_aعلم الحديث _2aucsh |
|
| 650 | 7 |
_aالحديث _xإسناد _2aucsh |
|
| 700 | 1 |
_aالفرياطي، العربي الدائز، _d1401 هجري- _eمحقق. |
|
| 942 |
_2ddc _cBOOK _n0 |
||
| 949 |
_aSA-JeALM _d250520 _umohamedma123 _n1 |
||
| 999 |
_c8283 _d8283 |
||